Normal view
MARC view
- Krempl, Erhard
Entry Personal Name
001 - CONTROL NUMBER
- control field: 55938
003 - CONTROL NUMBER IDENTIFIER
- control field: NUST
005 - DATE AND TIME OF LATEST TRANSACTION
- control field: 20210628201600.0
008 - FIXED-LENGTH DATA ELEMENTS
- fixed length control field: 210628|| aca||aabn | a|a d
040 ## - CATALOGING SOURCE
- Original cataloging agency: NUST
- Transcribing agency: NUST
100 ## - HEADING--PERSONAL NAME
- Personal name: Krempl, Erhard
670 ## - SOURCE DATA FOUND
- Source citation: Work cat.: (NUST): Lai, W. Michael,RUBIN, DAVID, KREMPL, ERHARD 1930- 55936, Introduction to continuum mechanics /, c2010.
